Datos para la biografía del Dr. D. José de Letamendi y Manjarrés (Record no. 162756)

MARC details
000 -LEADER
campo de control de longitud fija 01153nam a2200241 i 4500
001 - NÚMERO DE CONTROL
campo de control 162756
003 - IDENTIFICADOR DE NÚMERO DE CONTROL
campo de control ES-MaACL
005 - FECHA Y HORA DE LA ÚLTIMA TRANSACCIÓN
campo de control 20260327151915.0
008 - DATOS DE LONGITUD FIJA--INFORMACIÓN GENERAL
campo de control de longitud fija 020708s1898 sp f |||| |bspa d
100 1# - ENTRADA PRINCIPAL--NOMBRE DE PERSONA
Nombre de persona Pulido, Ángel,
Fechas asociadas al nombre 1852-1932
9 (RLIN) 149324
245 10 - MENCIÓN DEL TÍTULO
Título Datos para la biografía del Dr. D. José de Letamendi y Manjarrés
Resto del título : académico de número de la Real de Medicina /
Mención de responsabilidad, etc. escrita ... y leída en sus sesiones públicas del año de 1898 por Ángel Pulido y Fernández.
260 ## - PUBLICACIÓN, DISTRIBUCIÓN, ETC.
Lugar de publicación, distribución, etc. Madrid :
Nombre del editor, distribuidor, etc. [s.n.],
Fecha de publicación, distribución, etc. 1898 (
Fabricante Est. Tip. de la Viuda e Hijos de M. Tello)
300 ## - DESCRIPCIÓN FÍSICA
Extensión 112 p., [1] h. de lám. retr. ;
Dimensiones 24 cm.
530 ## - NOTA DISPONIBLE DE FORMULARIO FÍSICO ADICIONAL
Nota de formato físico adicional disponible Disponible en formato digital.
594 ## - Nota al título y mención de responsabilidad
Nota al título y mención de responsabilidad Tít. de cub.: El doctor Letamendi (recuerdo académico)
599 ## - NOTA A LAS ILUSTRACIONES
NOTA A LAS ILUSTRACIONES La h. de lám. es un retrato del biografiado.
600 14 - PUNTO DE ACCESO ADICIONAL DE MATERIA--NOMBRE DE PERSONA
Nombre de persona Letamendi, José de,
Fechas asociadas al nombre 1828-1897
9 (RLIN) 71873
710 2# - ENTRADA AGREGADA--NOMBRE DE ENTIDAD CORPORATIVA
Nombre de entidad corporativa o nombre de jurisdicción como elemento de entrada Real Academia de Medicina de Madrid
9 (RLIN) 6318
852 ## - LOCALIZACIÓN
Ubicación ES-MaACL
Número de control de estantería 1539-F-14
itemnumber 168893
Ubicación en estantería Depósito folletos
Nota libre Revisado enlace: 27 de Marzo de 2025.
856 4# - LOCALIZACIÓN Y ACCESO ELECTRÓNICOS
Identificador Uniforme de Recursos <a href="http://bdh-rd.bne.es/viewer.vm?id=0000117991&page=1 ">http://bdh-rd.bne.es/viewer.vm?id=0000117991&page=1 </a>
Texto de enlace Biblioteca Digital Hispánica
942 ## - ELEMENTOS DE ENTRADA SECUNDARIOS (KOHA)
Fuente del sistema de clasificación o colocación Clasificación decimal universal
Holdings
Estatus retirado Estado de pérdida Estado de daño No para préstamo Colección Biblioteca de origen Biblioteca actual Ubicación en estantería Fecha de adquisición Fuente de adquisición Total de préstamos Signatura topográfica completa Código de barras Visto por última vez Precio de reemplazo Tipo de ítem Koha
        Colección de folletos Biblioteca del Ateneo de Madrid Biblioteca del Ateneo de Madrid Depósito folletos 17/01/2008     1539-F-14 1170523 23/02/2023 23/02/2023 Folleto